Normal view MARC view

Entry Términos de género/forma

Number of records used in: 24

001 - NÚMERO DE CONTROL

  • campo de control: 234402

003 - IDENTIFICADOR DE NÚMERO DE CONTROL

  • campo de control: SpMaBN

005 - FECHA Y HORA DE LA ÚLTIMA TRANSACCIÓN

  • campo de control: 20231026184220.0

008 - ELEMENTOS DE DATO DE LONGITUD-FIJA

  • campo de control de longitud fija: 160401 n azznnbabn a ana

024 7# - IDENTIFICADOR DE OTROS ESTÁNDARES

  • Número estándar o código: http://id.loc.gov/authorities/genreForms/gf2017026040
  • Fuente: lcgft

024 7# - IDENTIFICADOR DE OTROS ESTÁNDARES

  • Número estándar o código: https://data.bnf.fr/ark:/12148/cb120827444
  • Fuente: rameau

040 ## - FUENTE DE CATALOGACIÓN

  • Centro catalogador/agencia de origen: SpMaBN
  • Lengua de catalogación: spa
  • Centro/agencia transcriptor: SpMaBN
  • Normas de descripción: rdc
  • Convención/Normas de encabezamiento de materia/tesauro: tgfbne

155 ## - ENCABEZAMIENTO--TÉRMINO DE GÉNERO/FORMA

  • Término de género/forma: Novelas sociales

455 ## - TRAZADO DE VÉASE--TÉRMINO GÉNERO/FORMA

  • Término de género/forma: Novelas de crítica social

455 ## - TRAZADO DE VÉASE--TÉRMINO GÉNERO/FORMA

  • Término de género/forma: Novelas de problemas sociales

455 ## - TRAZADO DE VÉASE--TÉRMINO GÉNERO/FORMA

  • Término de género/forma: Novelas de tesis

455 ## - TRAZADO DE VÉASE--TÉRMINO GÉNERO/FORMA

  • Término de género/forma: Novelas ideológicas

455 ## - TRAZADO DE VÉASE--TÉRMINO GÉNERO/FORMA

  • Término de género/forma: Romans à thèse

555 ## - TRAZADO DE VÉASE ADEMÁS--TÉRMINO GÉNERO/FORMA

  • Subcampo de control: g
  • Término de género/forma: Novelas

555 ## - TRAZADO DE VÉASE ADEMÁS--TÉRMINO GÉNERO/FORMA

  • Término de género/forma: Novelas políticas

670 ## - FUENTE DE DATOS ENCONTRADOS

  • Cita de la fuente: LCGFT
  • Información encontrada: (Social problem fiction)

670 ## - FUENTE DE DATOS ENCONTRADOS

  • Cita de la fuente: WWW RAMEAU, 17-10-2019
  • Información encontrada: (Roman à thèse)

670 ## - FUENTE DE DATOS ENCONTRADOS

  • Cita de la fuente: Álamo Felices, F. Los subgéneros novelescos, 2011
  • Información encontrada: (Novela social, realismo crítico)

680 ## - NOTA GENERAL PÚBLICA

  • Texto explicativo: Úsase para las novelas cuyo argumento es un problema o una práctica social y cuyo objetivo es llamar la atención sobre los mismos